00499nam a2200229Ia 4500003000900000005001700009008004100026040001300067040001300080041000800093041000800101100002100109245002000130250001000150260001200160260000900172300001100181300001200192490002900204490000700233600002900240IT-RoPAU20220918175806.0120407s9999 xx 000 0 und d aIT-RoPAU cIT-RoPAU agre bgre aNicola Cabasilas aLa vie en Crist aParis aDu Cerf c1990 a247 p. c19.5 cm aSources Chretiennes, 361 v22 a2° tome: livres V - VII